书目信息 |
| 题名: |
建筑意
|
|
| 作者: | 萧默, 主编 | |
| 分册: | 第四辑 | |
| 出版信息: | 合肥 安徽教育出版社 2005.1 |
|
| 页数: | 160页 | |
| 开本: | 25cm | |
| 丛书名: | ||
| 单 册: | ||
| 中图分类: | TU-861 | |
| 科图分类: | ||
| 主题词: | 建筑艺术--jian zhu yi shu--世界--文集 , 建筑艺术--jian zhu yi shu | |
| 电子资源: | ||
| ISBN: | 7-5336-3978-2 | |
| 000 | 01050nam0 2200265 45 | |
| 001 | 012005000794 | |
| 005 | 20061228161841.40 | |
| 010 | @a7-5336-3978-2@dCNY38.50 | |
| 100 | @a20050720d2005 em y0chiy0121 ea | |
| 101 | 0 | @achi@eeng |
| 102 | @aCN@b340000 | |
| 105 | @aa z 000yy | |
| 200 | 1 | @a建筑意@Ajian zhu yi@e[建筑文化与建筑艺术读本]@h第四辑@f萧默主编 |
| 210 | @a合肥@c安徽教育出版社@d2005.1 | |
| 215 | @a160页@c图@d25cm | |
| 314 | @a萧默(1938-), 湖南衡阳人, 中国艺术研究院研究员等, 主编有《建筑意——建筑文化与建筑艺术读本》等。 | |
| 330 | @a本书侧重于建筑文化、建筑艺术和建筑历史层面, 介绍了世界建筑艺术精品, 评鉴了历史与现状, 探讨了创作与理论, 具体内容包括城市美、建筑理论及中国建筑史等专题。 | |
| 510 | 1 | @aIdea of architecture@zeng |
| 517 | 1 | @a建筑文化与建筑艺术读本@Ajian zhu wen hua yu jian zhu yi shu du ben |
| 606 | 0 | @a建筑艺术@Ajian zhu yi shu@y世界@j文集 |
| 606 | 0 | @a建筑艺术@Ajian zhu yi shu |
| 690 | @aTU-861@v4 | |
| 701 | 0 | @a萧默,@Axiao mo@f1938-@4主编 |
| 801 | 0 | @aCN@c20061228 |
| 905 | @a10447@dTU-861@eX335 | |
| 建筑意:[建筑文化与建筑艺术读本].第四辑/萧默主编.-合肥:安徽教育出版社,2005.1 |
| 160页:图;25cm |
| ISBN 7-5336-3978-2:CNY38.50 |
| 本书侧重于建筑文化、建筑艺术和建筑历史层面, 介绍了世界建筑艺术精品, 评鉴了历史与现状, 探讨了创作与理论, 具体内容包括城市美、建筑理论及中国建筑史等专题。 |
| ● |
| 相关链接 |
|
|
|
正题名:建筑意
索取号:TU-861/X335
 
预约/预借
| 序号 | 登录号 | 条形码 | 馆藏地/架位号 | 状态 | 备注 |
| 1 | 640881 | 206408813 | 建筑库101/ [索取号:TU-861/X335] | 在馆 | |
| 2 | 640882 | 206408822 | 建筑库101/101建筑库 20排1列4层/ [索取号:TU-861/X335] | 在馆 | |
| 3 | 640883 | 206408831 | 建筑库101/101建筑库 20排1列4层/ [索取号:TU-861/X335] | 在馆 |